| 000 | 01691naa a2200265ua 4500 | ||
|---|---|---|---|
| 001 | 82461 | ||
| 003 | BD-RjUL | ||
| 005 | 20231213104333.0 | ||
| 008 | 231213s2021 nyu b 001 0 eng | ||
| 020 |
_a9781108841764 _q(hardback) |
||
| 020 |
_z9781108894845 _q(epub) |
||
| 035 | _a(BD-RjUL)82461 | ||
| 040 |
_c(BD-RjUL) _aBD-RjUL _beng |
||
| 041 | _aeng | ||
| 082 | 0 | 0 |
_223 _a530 _bWEF 2021 |
| 100 | 1 |
_aWeinberg, Steven, _d1933- _eauthor. _910510 |
|
| 245 | 1 | 0 |
_aFoundations of modern physics / _cSteven Weinberg, The University of Texas at Austin. |
| 264 | 1 |
_aNew York : _bCambridge University Press, _c2021. |
|
| 300 |
_axii, 310p; _c24cm. |
||
| 504 | _aIncludes bibliographical references and indexes. | ||
| 520 | _a"In addition to his ground-breaking research, Nobel Laureate Steven Weinberg is known for a series of highly praised texts on various aspects of physics, combining exceptional physical insight with a a gift for clear exposition. Describing the foundations of modern physics in their historical context and with some new derivations, Weinberg introduces topics ranging from early applications of atomic theory through thermodynamics, statistical mechanics, transport theory, special relativity, quantum mechanics, nuclear physics, and quantum field theory. This volume provides the basis for advanced undergraduate and graduate physics courses as well as being a handy introduction to aspects of modern physics for working scientists"-- | ||
| 650 | 0 | _aPhysics. | |
| 776 | 0 | 8 |
_iOnline version: _aWeinberg, Steven, _tFoundations of modern physics _b1. _dNew York : Cambridge University Press, 2021. _z9781108894845 _w(DLC) 2020055432 |
| 942 |
_2ddc _cBK |
||
| 999 |
_c82461 _d82461 |
||